| 000 | 00987nam a2200349 a 4500 | ||
|---|---|---|---|
| 001 | 000107690 | ||
| 003 | CHAP | ||
| 005 | 20220329143939.0 | ||
| 008 | 131014s2011 mx |r| ||||||spa d | ||
| 010 | _a104152 | ||
| 011 | _a105124 | ||
| 020 | _a9786071505507 | ||
| 040 | _cCHAP | ||
| 082 | 0 | 4 |
_a515.63 _bS65 2011 |
| 100 | 0 | 0 |
_aSpiegel, Murray R. _9109217 |
| 245 | 1 | 0 |
_aAnálisis vectorial / _cpor Murray R. Spiegel, Seymour Lipschutz y Dennis Spellman. |
| 250 | _a2 ed. | ||
| 260 |
_aMéxico : _bMcGraw-Hill. |
||
| 300 | _axi, 237 p. | ||
| 490 | 1 | _aSchaum | |
| 534 |
_pTít. original : _tVector analysis |
||
| 590 |
_aE11695DGD _b10 _c20131014 _lUCH01 _h1430 |
||
| 590 |
_aE11695DGD _b10 _c20131014 _lUCH01 _h1437 |
||
| 590 |
_aE11695DGD _b10 _c20131014 _lUCH01 _h1437 |
||
| 650 | 1 | 4 |
_aAnálisis vectorial _95995 |
| 700 | 0 |
_aLipschutz, Seymour. _967039 |
|
| 700 | 1 |
_aSpellman, Dennis _9124414 |
|
| 830 | 0 |
_aSchaum _9102914 |
|
| 901 | _aBK | ||
| 942 | _cLIBRO | ||
| 942 | _n0 | ||
| 999 |
_c104152 _d104152 |
||